ARRUPE JESUIT UNIVERSITY

CORONAVIRUS -STOP THE SPREAD - CLEAN,DISINFECT,COVER

Poets and God : (Record no. 118592)

MARC details
000 -LEADER
fixed length control field 01157cam a2200325 a 4500
001 - CONTROL NUMBER
control field 14003364
003 - CONTROL NUMBER IDENTIFIER
control field ARRUPE
005 - DATE AND TIME OF LATEST TRANSACTION
control field 20131111121657.0
008 - FIXED-LENGTH DATA ELEMENTS--GENERAL INFORMATION
fixed length control field 041209s2005 enk e b 001 0 eng d
010 ## - LIBRARY OF CONGRESS CONTROL NUMBER
LC control number 2005415382
015 ## - NATIONAL BIBLIOGRAPHY NUMBER
National bibliography number GBA492190
Source bnb
016 7# - NATIONAL BIBLIOGRAPHIC AGENCY CONTROL NUMBER
Record control number 013070487
Source Uk
020 ## - INTERNATIONAL STANDARD BOOK NUMBER
International Standard Book Number 0232525773
035 ## - SYSTEM CONTROL NUMBER
System control number (OCoLC)ocm57356397
040 ## - CATALOGING SOURCE
Original cataloging agency UKM
Transcribing agency UKM
Modifying agency BWKUK
-- DLC
042 ## - AUTHENTICATION CODE
Authentication code lccopycat
050 00 - LIBRARY OF CONGRESS CALL NUMBER
Classification number PR508.R4
Item number E34 2005
082 04 - DEWEY DECIMAL CLASSIFICATION NUMBER
Classification number 821.00938248
Edition number 22
300 ## - PHYSICAL DESCRIPTION
Dimensions 22 cm.
100 1# - MAIN ENTRY--PERSONAL NAME
Personal name Edwards, David L.
Fuller form of name (David Lawrence),
Dates associated with a name 1929-
9 (RLIN) 3529
245 10 - TITLE STATEMENT
Title Poets and God :
Remainder of title Chaucer, Shakespeare, Herbert, Milton, Wordsworth, Coleridge, Blake /
Statement of responsibility, etc David L. Edwards.
260 ## - PUBLICATION, DISTRIBUTION, ETC. (IMPRINT)
Place of publication, distribution, etc London :
Name of publisher, distributor, etc Darton Longman & Todd,
Date of publication, distribution, etc 2005.
300 ## - PHYSICAL DESCRIPTION
Extent xv, 256 p. ;
504 ## - BIBLIOGRAPHY, ETC. NOTE
Bibliography, etc Includes bibliographical references (p. 245-249) and index.
650 #0 - SUBJECT ADDED ENTRY--TOPICAL TERM
Topical term or geographic name as entry element English poetry
General subdivision History and criticism.
9 (RLIN) 3530
650 #0 - SUBJECT ADDED ENTRY--TOPICAL TERM
Topical term or geographic name as entry element Spirituality in literature.
9 (RLIN) 3531
650 #0 - SUBJECT ADDED ENTRY--TOPICAL TERM
Topical term or geographic name as entry element Poets, English
General subdivision Religious life.
9 (RLIN) 3532
906 ## - LOCAL DATA ELEMENT F, LDF (RLIN)
a 7
b cbc
c copycat
d 2
e ncip
f 20
g y-gencatlg
942 ## - ADDED ENTRY ELEMENTS (KOHA)
Source of classification or shelving scheme Library of Congress Classification
Koha item type Monograph ( Printed materials)
Holdings
Withdrawn status Lost status Source of classification or shelving scheme Damaged status Not for loan Collection code Home library Current library Shelving location Date acquired Total Checkouts Full call number Barcode Date last seen Price effective from Koha item type
    Library of Congress Classification     Main Collection ARRUPE LIBRARY ARRUPE LIBRARY Main Collection 11/11/2013   PR508.R4 E34 2005 46410273 11/11/2013 11/11/2013 Monograph ( Printed materials)

 

Arrupe Library. PO Box MP320 Mt Pleasant, Harare, Zimbabwe
263 242 745411|librarian@aju.ac.zw